| 000 | 00713nam a2200265Ia 4500 | ||
|---|---|---|---|
| 001 | Para_6722 | ||
| 003 | CHAP | ||
| 008 | 220125s1960 xx 000 0 und d | ||
| 010 | _a205491 | ||
| 040 | _cCHAP | ||
| 082 | _aPA 632.951 M4 | ||
| 245 |
_aMethods of testing chemicals on insects / _c Edited by Harold H. Shepard, |
||
| 260 |
_aEUA : _b Burgess Publishing |
||
| 300 | _av. | ||
| 500 | _aLa biblioteca tiene : v.2 | ||
| 650 |
_aInsecticidas _x pruebas _958878 |
||
| 700 |
_aShepard, Harold H. _9164048 |
||
| 901 | _aPA 632.951 M4 | ||
| 902 | _aA | ||
| 905 | _a0000001960 0000000000 00 | ||
| 910 | _a1960 | ||
| 942 | _cPARA | ||
| 942 |
_cPARA _d1 |
||
| 999 |
_c205491 _d205491 |
||